Generationskonflikt am Arbeitsplatz und Strategien seiner Lösung diplomová práca

Gespeichert in:
Bibliographische Detailangaben
1. Verfasser: Kročko, Martin
Körperschaft: Fakulta aplikovaných jazykov EU v Bratislave. Katedra jazykovedy a translatológie
Weitere Verfasser: Seresová, Katarína, 1967-
Format: Buch
Sprache:Deutsch
Veröffentlicht: Bratislava 2018
Tags: Tag hinzufügen
Keine Tags, Fügen Sie das erste Tag hinzu!

MARC

LEADER 00000nbm a2200000 4500
001 0244021
005 20181011145206.4
041 0 |a ger 
044 |a SK 
245 1 0 |a Generationskonflikt am Arbeitsplatz und Strategien seiner Lösung  |b diplomová práca  |c Martin Kročko ; školiteľ: Katarína Seresová 
264 1 |a Bratislava  |c 2018 
300 |a 75 s. 
100 1 |a Kročko, Martin 
700 1 |a Seresová, Katarína, 1967- 
710 2 |a Fakulta aplikovaných jazykov EU v Bratislave. Katedra jazykovedy a translatológie